000 00310 a2200109 4500
001 ART_30458
005 20260410162004.0
008 260409a
245 1 0 _aEl Estado y sus capacidades
100 1 _aRepetto, Fabián
773 0 _tBoletín Informativo ASAP
_g- Nº 43 (oct. 2009)
_wREV30391
999 _c31544
_d31544